| 000 | 00862cam a2200253 a 4500 | ||
|---|---|---|---|
| 001 | 000005503 | ||
| 005 | 20240305131824.0 | ||
| 008 | 970827s1997 sp b 001 pdspa | ||
| 020 | _a8437615127 | ||
| 040 |
_aDO-SdBNP _cDLC _dDLC |
||
| 082 |
_a861.6 _bB268d |
||
| 100 | 1 |
_aBarral, Carlos, _d1928-1989 _915590 |
|
| 245 | 1 | 0 |
_aDiario de "Metropolitano" / _cCarlos Barral ; edición de Luis García Montero. |
| 260 |
_aMadrid : _bCátedra, _c1997. |
||
| 300 |
_a316 p. ; _c18 cm. |
||
| 490 | 1 |
_aLetras hispánicas _v422 |
|
| 504 | _aIncluye referencias bibliográficas (p. 65-69). | ||
| 650 | 4 |
_aPoesía española _9631 |
|
| 650 | 4 |
_aLiteratura española _9632 |
|
| 600 | 1 | 4 |
_aBARRAL, CARLOS _tMETROPOLITANO _915591 |
| 700 | 1 |
_aGarcía Montero, Luis, _d1958- _eed. _914059 |
|
| 830 | 0 |
_aLetras hispánicas ; _v422 _94208 |
|
| 910 |
_aCatalogación por copia / LC _bWM |
||
| 999 |
_c5302 _d5302 |
||